000
00303nam a22001337a 4500
008
181029b xxu||||| |||| 00| 0 eng d
020
_a
9780321541949
041
_a
eng
080
_2
6 ED
_a
531
100
_a
11
101
_a
BIO
245
_a
Investigating Laboratory
_c
Morgan.J.G
942
_2
udc
_c
BK
999
_c
51009
_d
51009